| 000 | 00655nam a2200193 a 4500 | ||
|---|---|---|---|
| 001 | 000048266 | ||
| 005 | 20201002061030.0 | ||
| 008 | 181210s2015 dr a r 000 0 spa d | ||
| 020 | _a9789945589993 | ||
| 040 |
_aDO-SdBNP _bspa _cBNPHU |
||
| 082 |
_axxxx _bG633E |
||
| 100 | 1 |
_aGómez Morel, Olga Lobetty de, _d1952- _975701 |
|
| 245 | 1 | 0 |
_aEmilia Jimenes Pereyra : una mujer extraordinaria / _cOlga Lobetty Gómez de Morel. |
| 260 |
_aSanto Domingo : _bSantuario, _c2015. |
||
| 300 |
_a94 p. : _bil., ; _c23 cm. |
||
| 500 | _aIncluye datos biográficos de la autora en las solapas | ||
| 504 | _aBibliografía : p. 93-94 | ||
| 590 | _aInventariado, 2019/BT | ||
| 999 |
_c47754 _d47754 |
||